书目信息 |
| 题名: |
环境艺术工程制图
|
|
| 作者: | 鲍诗度 , 黄更 , 于妍 编著 | |
| 分册: | ||
| 出版信息: | 北京 中国建筑工业出版社 2008.04 |
|
| 页数: | 173页 | |
| 开本: | 23cm | |
| 丛书名: | 全国高等美术院校建筑与环境艺术设计专业教学丛书 | |
| 单 册: | ||
| 中图分类: | TU-856 | |
| 科图分类: | ||
| 主题词: | 环境设计--huan jing she ji--工程制图--高等学校--教材 | |
| 电子资源: | ||
| ISBN: | 978-7-112-08734-1 | |
| 000 | 01228nam 2200301 450 | |
| 001 | 012008591862 | |
| 005 | 20080902083416.92 | |
| 010 | @a978-7-112-08734-1@dCNY39.00 | |
| 100 | @a20080902d2008 em y0chiy0120 ea | |
| 101 | 0 | @achi |
| 102 | @aCN@b110000 | |
| 105 | @aak a 000yy | |
| 106 | @ar | |
| 200 | 1 | @a环境艺术工程制图@Ahuan jing yi shu gong cheng zhi tu@f鲍诗度, 黄更, 于妍编著@Fbao shi du,huang geng,yu yan bian zhu |
| 210 | @a北京@c中国建筑工业出版社@d2008.04 | |
| 215 | @a173页@c图@d23cm | |
| 225 | 2 | @a全国高等美术院校建筑与环境艺术设计专业教学丛书@Aquan guo gao deng mei shu yuan xiao jian zhu yu huan jing yi shu she ji zhuan ye jiao xue cong shu |
| 300 | @a普通高等教育“十一五”国家级规划教材 | |
| 320 | @a有书目 (第173页) | |
| 330 | @a本书主要内容包括:制图基础,图样的画法,制图标准,室内工程制图,环境景观工程制图,设施工程制图,建筑结构工程制图等。 | |
| 410 | 0 | @12001 @a全国高等美术院校建筑与环境艺术设计专业教学丛书 |
| 606 | 0 | @a环境设计@Ahuan jing she ji@x工程制图@x高等学校@j教材 |
| 690 | @aTU-856@v4 | |
| 701 | 0 | @a鲍诗度@Abao shi du@4编著 |
| 701 | 0 | @a黄更@Ahuang geng@4编著 |
| 701 | 0 | @a于妍@Ayu yan@4编著 |
| 801 | 0 | @aCN@bQSSK@c20080902 |
| 905 | @b734699-701@dTU-856@eB304@f3 | |
| 环境艺术工程制图/鲍诗度, 黄更, 于妍编著.-北京:中国建筑工业出版社,2008.04 |
| 173页:图;23cm.-(全国高等美术院校建筑与环境艺术设计专业教学丛书) |
| 普通高等教育“十一五”国家级规划教材 |
| ISBN 978-7-112-08734-1:CNY39.00 |
| 本书主要内容包括:制图基础,图样的画法,制图标准,室内工程制图,环境景观工程制图,设施工程制图,建筑结构工程制图等。 |
| ● |
| 相关链接 |
|
|
|
正题名:环境艺术工程制图
索取号:TU-856/B304
 
预约/预借
| 序号 | 登录号 | 条形码 | 馆藏地/架位号 | 状态 | 备注 |
| 1 | 734699 | 207346996 | 建筑库101/101建筑库 16排4列3层/ [索取号:TU-856/B304] | 在馆 | |
| 2 | 734700 | 207347003 | 建筑库101/101建筑库 16排4列3层/ [索取号:TU-856/B304] | 在馆 | |
| 3 | 734701 | 207347012 | 建筑库101/101建筑库 16排4列3层/ [索取号:TU-856/B304] | 在馆 |